1600 1399 1829 1720 1868 1351 1689 1507 1423 1930 1406 1803 1192 1563 1768 1146 1260 1269 1154 1795 1246 1298 1080 1727 1440 1965 1984 1475 1698 1833 1716 1834 1524 1065 1092 1700 1006 1274 1804 1591 1656 1090 1322 1816 1602 1486 1628 1294 1423 1830 1220 1854 1527 1314 1128 1574 1460 1424 1229 1802 1888 1149 1608 1667 1804 1546 1024 1252 1528 1883 1471 1441 1121 1713 1104 1181 1803 1507 1776 1441 1669 1604 1387 1246 1422 1572 1586 1824 1879 1058 1051 1975 1571 1264 1655 1926 1693 1017 1386 BCNSPRNW ULIB Ver.6.0+V

เปลี่ยนเป็นภาษาไทย

Change to English
 แสดงรายละเอียดบรรณานุกรม
  กลับหน้าหลัก

Brief Record : Get Marc (ISO 2709) : E-mail record : QR code < ปิดหน้าต่าง
LEADER : 00000nam 2200000uu 4500
001    13399113507
003     ULIB
008    111123s2552||||th 000 0 tha d
020    ^a9786117023040
050  4 ^aBQ4570.L.5^bพ358ธ 2552
100 0  ^aพระมหาสมปอง ตาลปุตฺโต.
245 10 ^aธรรมะเดลิเวอรี่ ฉบับอมยิ้ม อิ่มใจ /^cพระมหาสมปอง ตาลปุตฺโต ; สุภาพรรณ เยี่ยมชัยภูมิ, บรรณาธิการ.
246 34 ^aธรรมะ Delivery.
260    ^aกรุงเทพฯ :^bฐานการพิมพ์,^c2552
650  7 ^aธรรมะกับชีวิตประจำวัน.
650  7 ^aการดำเนินชีวิต.
700 0  ^aสุภาพรรณ เยี่ยมชัยภูมิ.
945    ^p115^l0^i17724
995    ^aกัณชพร
999    ^aใช้งานได้ทุกระบบ
รายการนี้ยังไม่มีแท็ก
คุณยังไม่ได้ล็อกอิน คุณสามารถมีกิจกรรมร่วมกับเว็บไซต์ได้ แต่ต้องล็อกอินก่อน ::
  ล็อกอิน

รายการสื่อสารสนเทศ

ลำดับที่ ประเภท เลขเรียก/บาร์โค้ด สถานที่ สถานะ
- ไม่พบข้อมูล -

รายการใกล้เคียง
    ผู้แต่ง [พระมหาสมปอง ตาลปุตฺโต.]

    หัวเรื่อง [ธรรมะกับชีวิตประจำวัน.]
    หัวเรื่อง [การดำเนินชีวิต.]

BibComment


ยังไม่เคยถูกคอมเมนท์

คอมเมนท์ทรัพยากรรายการนี้
  คอมเมนท์: ธรรมะเดลิเวอรี่ ..


 Copyright 2026. Bcnsprnw @Library